LEADER 01237nam a2200265 4500 001 000000356675 003 CaOOAMICUS 005 20240403095241.0 008 240110s1990 it 000 u ita r 040 $aSeMil$bita 100 1 $aCoughlan, Peter.$0(OLS)http://semarc/name/118912 245 10$aLaici responsabili :$bchiamati a una comunione missionaria /$cPeter Coughlan ; introduzione del card. Eduardo Pironio. 264 1$aRoma :$bAVE,$c1990. 300 $a231 p. ;$c22 cm 490 1 $aNuovi saggi ;$v10 650 4$aLaicato.$0(OLS)http://semarc/subject/6802 650 4$aGiovanni Paolo II - Esortazioni apostoliche . Christifideles laici.$0(OLS)http://semarc/subject/10222 700 1 $aPironio, Eduardo F. .$0(OLS)http://semarc/name/93169 830 0$aNuovi saggi ;$v10.$0(OLS)http://semarc/title/7128 850 $aSeMil 852 $aSeMil$W1$xVenegono$y1$m3F II 1182$j247293$B247867$CSeMilBibl$Z2$F247867 $81 961 $aCitrini don Tullio - Omaggio 996 $6245$aLaici responsabili :$bchiamati a una comunione missionaria$9(OLS)http://semarc/title/446928 996 $6264$aRoma :$bAVE$9(OLS)http://semarc/publisher/30251 LEADER 00703nas a2200157 i 4500 001 000000016822 003 CaOOAMICUS 005 20180830125443.0 008 180830s1953 it u0 ita u 040 $aSeMil$bita 110 0 $aItalia : Ministero dell'Istruzione, dell'Università e della Ricerca.$0(OLS)http://semarc/name/417 245 10$aArchitetture delle regioni d'Italia /$cMinistero della Pubblica Istruzione. Direzione Generale delle Antichità e Belle Arti. 260 $aRoma :$bLa Libreria dello Stato,$c1953. 300 $av. ;$c30 cm. 996 $6245$aArchitetture delle regioni d'Italia$9(OLS)http://semarc/title/22253 996 $6260$aRoma :$bLa Libreria dello Stato$9(OLS)http://semarc/publisher/34502